01663cam a22003974i 4500003000900000005001700009008004100026020001500067020001800082035002000100040003300120082002200153100003100175245009500206264004800301300005700349336002100406337002500427338002300452504003900475504003300514505052900547526001001076526001001086526001001096526001001106526000801116526000801124526000801132526000801140526000801148526000801156526000801164630004301172630005001215PE-LiUPU20250825155943.0161229s2011 xxua 0rb 001 0 eng d a0830825681 a9780830825684 a(Sirsi) a165768 aPE-LiUPUbspacPE-LiUPUerda04a227.2077bB162221 aBailey, Kenneth E.eautor.10aPaul through Mediterranean eyes :bcultural studies in 1 Corinthians /cKenneth E. Bailey. 1aDowners Grove, Ill. :bIVP Academic,c2011. a560 páginas :billustratraciones ;c23 centimetros atext2rdacontent aunmediated2rdamedia avolume2rdacarrier aBibliografía : páginas 427-435 aÍndices: páginas 436-4430 aPrelude : prophetic homily style and its interpretation -- The cross and Christian unity : 1 Corinthians 1:10-4:16 -- Sex : men and women in the human family : 1 Corinthians 4:17-7:40 -- Christian and pagan : freedom and responsibility : 1 Corinthians 8:1-11:1 -- Worship : men and women in the church : 1 Corinthians 11:2-14:40 -- Resurrection : faith, Christ and victory : 1 Corinthians 15:1-58 -- Appendix 1 : common themes in 1 Corinthians and Amos -- Appendix 2 : evidence from the oriental version noted in this study. aSEG42 aSEG41 aSEG40 aSEG39 aP94 aP87 aP86 aP85 aP77 aP76 aP35 aBiblia.PCorintios, 1ervCommentarios. 0aBiblia.PCorintios, 1er.0(OCoLC) fst01808022